书目信息 |
| 题名: |
锅炉燃烧技术及设备
|
|
| 作者: | 庞丽君 , 孙恩召 编 | |
| 分册: | ||
| 出版信息: | 哈尔滨 哈尔滨工业大学出版社 1991.06 |
|
| 页数: | 245页 | |
| 开本: | 16开 | |
| 丛书名: | ||
| 单 册: | ||
| 中图分类: | TK223 | |
| 科图分类: | ||
| 主题词: | 锅炉 | |
| 电子资源: | ||
| ISBN: | 7-5603-0024-3 | |
| 000 | 00607nam0 2200205 45 | |
| 001 | 0009121540 | |
| 005 | 20000912153604.8 | |
| 010 | @a7-5603-0024-3@d15.50元 | |
| 100 | @a20000912d1991 km y0chiy0120 ea | |
| 101 | 0 | @achi |
| 105 | @a z 000yy | |
| 200 | 1 | @a锅炉燃烧技术及设备@AGuo Lu Ran Shao Ji Shu Ji She Bei@f庞丽君,孙恩召等编@FPang Li Jun,Sun En Zhao Deng Bian |
| 210 | @a哈尔滨@c哈尔滨工业大学出版社@d1991.06 | |
| 215 | @a245页@d16开 | |
| 606 | 0 | @a锅炉 |
| 690 | @aTK223@v3 | |
| 701 | 0 | @a庞丽君@4编 |
| 701 | 0 | @a孙恩召@4编 |
| 801 | @aCN@bPftUser@c20000912 | |
| 905 | @b137439-443@dTK223@eP349@f5 | |
| 锅炉燃烧技术及设备/庞丽君,孙恩召等编.-哈尔滨:哈尔滨工业大学出版社,1991.06 |
| 245页;16开 |
| ISBN 7-5603-0024-3:15.50元 |
| ● |
| 相关链接 |
|
|
|
正题名:锅炉燃烧技术及设备
索取号:TK223/P349
 
预约/预借
| 序号 | 登录号 | 条形码 | 馆藏地/架位号 | 状态 | 备注 |
| 1 | 137439 | 201374397 | 期刊室512/501自科库 136排4列2层/ [索取号:TK223/P349] | 在馆 | |
| 2 | 137440 | 201374404 | 自科库501/501自科库 136排4列2层/ [索取号:TK223/P349] | 在馆 | |
| 3 | 137441 | 201374413 | 期刊室512/501自科库 136排4列2层/ [索取号:TK223/P349] | 在馆 | |
| 4 | 137442 | 201374422 | 自科库501/501自科库 136排4列2层/ [索取号:TK223/P349] | 在馆 | |
| 5 | 137443 | 201374431 | 期刊室512/501自科库 136排4列2层/ [索取号:TK223/P349] | 在馆 |